| 000 | 01077nam a2200277 a 4500 | ||
|---|---|---|---|
| 001 | 39030 | ||
| 003 | BD-RjUL | ||
| 005 | 20211209052913.0 | ||
| 008 | 160404r19961977bg ||||| |||| 000 0 ben d | ||
| 020 |
_a9840733702 _c: Tk 84.00 |
||
| 035 | _a(BD-RjUL)39141 | ||
| 040 |
_aBD-RjUL _bben _cBD-RjUL |
||
| 041 | _aben | ||
| 082 |
_223 _a121 _bWOG 1996 |
||
| 100 |
_aউয্লী, এ. ডি. _9124608 |
||
| 245 | 1 | 0 |
_aজ্ঞানতত্ত্ব / _cএ. ডি. উয্লী ; অনুবাদ মোঃ আবদুর রশীদ |
| 260 |
_aঢাকা : _bবাংলা একাডেমী, _c১৯৭৭ [মুদ্রণ ১৯৯৬] |
||
| 300 |
_a[১২], ২১৩ পৃ, ; _c২২ সেমি |
||
| 490 |
_aবাএ ; _v৩৩৬১ |
||
| 500 | _aনির্ঘন্ট সংযুক্ত | ||
| 650 |
_aজ্ঞানতত্ত্ব _9120491 |
||
| 650 |
_aKnowledge _9118316 |
||
| 700 |
_aরশীদ, মোঃ আবদুর, অনুবাদক _9124555 |
||
| 830 |
_aবাএ ; _v৩৩৬১ _9132322 |
||
| 942 |
_2ddc _cBK |
||
| 999 |
_c39030 _d39030 |
||